00531nam a22000977a 4500008004100000010001200041245008800053260000900141500013700150500014600287110616t xxu||||| |||| 00| 0 eng d aCACAF46 aCourt of Appeal Criminal Appeal No. 21 OF 2000 Ndeeba Wilber and another Vs Uganda  c2000 aCoram: Hon. Lady Justice A.E. Mpagi-Bahigeine, JA Hon. Justice S.G. Engwau, JA Hon. Justice C.N.B. Kitumba, JA aAppeal against the sentence passed by the High Court at Mbarara Musoke-Kibuka J dated 17th April 2000 in Criminal Session Case No. 24 of 1988